Modern Meat (Record no. 335059)
[ view plain ]
| 000 -LEADER | |
|---|---|
| fixed length control field | 00508nam a2200097Ia 4500 |
| 008 - FIXED-LENGTH DATA ELEMENTS--GENERAL INFORMATION | |
| fixed length control field | 170517s9999 xx 000 0 und d |
| 245 ## - TITLE STATEMENT | |
| Title | Modern Meat |
| 300 ## - PHYSICAL DESCRIPTION | |
| Extent | What could be simpler than a hamburger? Take a ground beef patty, throw it on a grill, wait a few minutes as the fat sizzles, maybe add some cheese, and stick it on a bun. It's a thoroughly American operation that takes place countless times a day all around the... |
| 650 ## - SUBJECT ADDED ENTRY--TOPICAL TERM | |
| General subdivision | Technology. |
| 856 ## - ELECTRONIC LOCATION AND ACCESS | |
| Uniform Resource Identifier | <a href="http://topdocumentaryfilms.com/modern-meat/">http://topdocumentaryfilms.com/modern-meat/</a> |
| Withdrawn status | Lost status | Damaged status | Home library | Current library | Date acquired | Total Checkouts | Date last seen | Price effective from | Koha item type |
|---|---|---|---|---|---|---|---|---|---|
| College Library | College Library | 05/17/2017 | 05/17/2017 | 05/17/2017 | Documentary Films |